[Event "FTX Crypto Cup | Knockout"]
[Site "Online"]
[Date "2021.05.28"]
[Round "1.4"]
[White "Nepomniachtchi, Ian"]
[Black "So, Wesley"]
[Result "0-1"]
[WhiteElo "2792"]
[BlackElo "2770"]
[EventDate "2021.??.??"]
[Annotator "Bojkov,Dejan"]
[PlyCount "136"]
[Beauty "5910277656072"]
[EventType "team-tourn"]

1.Nf3 d5 2.g3 Nf6 3.Bg2 e6 4.O-O Be7 5.d3 {Nepomniachtchi chose the King's Indian Attack for the decisive game.} 5...O-O 6.Nbd2 c5 7.e4 Nc6 {This can be considered Black's main line.} 8.Re1 b5 9.e5 Nd7 10.Nf1 a5 11.h4 {Those of you who followed my mini-course on Chess.com about the KIA are familiar with the ideas for both sides. White is quickly building a strong attacking setup on the kingside while maneuvering his queenside knight to g4, whereas Black tries to counter on the opposite wing and the center.} 11...b4 12.Bf4 a4 13.a3 {An important move for White, who needs to slow his opponent down on the queenside.} 13...bxa3 14.bxa3 Rb8 15.Ne3 {The knight can reach the g4-square from here too.} ( {The other way to attack was demonstrated in the following game:} 15.Bh3 Bb7 16.N1h2 Re8 17.Ng5 Bxg5 ( 17...Nf8 $1 {looks much better as this knight is a huge defender.} ) 18.hxg5 Ne7 19.Qh5 d4 20.Ng4 $1 Nf5 21.Nf6+ $1 gxf6 22.gxf6 {and White had winning attack in Haddouche,M (2505)-Van Wely,L (2654) Rabat 2014} ) 15...Bb7 $146 {An obvious developing move and a novelty.} ( {An earlier game saw unclear play after} 15...Nd4 16.c4 dxc4 17.Nxd4 cxd4 18.Nxc4 Nc5 19.Qg4 Kh8 20.Red1 Rb3 21.Bg5 f6 22.exf6 gxf6 23.Bh6 Rg8 {Pablo Marin,A (2383)-Aroshidze,L (2517) Barcelona 2017} ) 16.c4 {Nepomniachtchi fires back at the center while opening the road for his queen.} 16...Nb6 17.cxd5 Nxd5 {However, So keeps playing confidently and is not afraid to sacrifice a pawn.} 18.Qxa4 ( {After} 18.Nxd5 Qxd5 19.Qxa4 Nd4 {the white pieces are forced into passivity} 20.Re3 {And a simple move like} 20...h6 $5 {looks good for Black who is ready to embarrass the enemy bishop with g7-g5 at the proper moment.} ) 18...Nc3 {Playing for activity.} ( {So could have also regained the pawn at once with} 18...Ra8 19.Qe4 Nxf4 20.Qxf4 Qxd3 {which looks equal too.} ) 19.Qc4 Qa5 20.Rac1 Nb5 {Black achieved what he wanted. His pieces are active, and White cannot establish good communication between his forces.} 21.Nc2 Nxa3 {Time to regain the material.} ( {There is no need to suffer being down a pawn in the line} 21...Ncd4 22.Nfxd4 Nxd4 23.Nxd4 cxd4 24.Bxb7 Rxb7 25.Qxd4 Bxa3 26.Ra1 Bb2 27.Rxa5 Bxd4 ) 22.Nxa3 Qxa3 23.Bg5 {A typical move for the opening. Nepomniachtchi swaps the most important defender.} ( {It is equal after} 23.Ra1 Qb4 24.Reb1 Qxc4 25.dxc4 Nb4 ) 23...Rfd8 {However, Black is quick enough to underline the weakness of the white d3-pawn too. Everything perishes after} 24.Bxe7 Nxe7 25.Qxc5 Qxc5 26.Rxc5 Bxf3 27.Bxf3 Rxd3 28.Be4 Rd7 {This, of course, should be a draw, but Nepomniachtchi decided to press for a while.} 29.h5 g6 {An accurate move that frees Black from all back-rank mating threats.} ( 29...h6 30.Ra1 {leaves White a symbolic edge.} ) 30.Kg2 {Still pushing.} ( {The Russian GM avoids the drawish line} 30.h6 Nf5 31.Bxf5 exf5 32.e6 fxe6 33.Rxe6 Kf7 ) 30...Kg7 31.Rh1 Ng8 {Black has everything under control.} 32.Rhc1 gxh5 $5 {It is So's turn to try little something.} 33.Rh1 Rb4 34.Bc2 Kh6 ( {Avoiding the passive defense} 34...Ne7 35.Rxh5 h6 {which would have likely led to a draw.} ) 35.Bd1 h4 $1 {The point behind So's play. Black needs to break the opponent's chain too.} 36.Be2 {And this obvious move is a serious inaccuracy.} ( 36.Bc2 $1 {would have kept the game even.} ) 36...Ne7 37.Rxh4+ Rxh4 38.gxh4 Ng6 39.Kg3 Rd4 {Now Black wins a pawn and is in the driver's seat.} 40.Rc4 ( {White could have also defended with the rooks on the board:} 40.Rc7 $5 Nxe5 41.f4 Rd7 42.Rc5 Nd3 43.Rc4 {and this seems somewhat better from a practical perspective.} ) 40...Rxc4 41.Bxc4 Nxe5 42.Bb3 Kg7 {It all went upside down for Nepomniachtchi. Instead of pressing without any risk, he needs to defend a gloomy endgame, which So can grind for dozens of moves.} 43.f4 Nc6 44.Bc2 h6 45.Bb1 Ne7 46.Kg4 Nd5 47.Kg3 Kf8 $1 {The king is heading to the center.} 48.Kg4 Nf6+ 49.Kf3 Ke7 50.Bc2 Nh5 51.Kg4 Ng7 52.Bb1 f6 53.Ba2 Kd6 54.Kf3 h5 55.Kg3 Kc5 {Black is making more and more progress; White keeps standing.} 56.Bb3 ( {Nothing is changed after the computer suggestion} 56.Kf2 Kd4 57.Kf3 Kd3 58.Bb1+ Kc3 ) 56...Kd4 57.Kf3 Kd3 58.Ba4 {Finally, Nepomniachtchi decided to activate his bishop, and this turned out to be a mistake!} ( {The bishop is optimal on the diagonal where it was; therefore,} 58.Ba2 $1 {should have been played. The main point is that in the line} 58...Kc3 59.Ke4 Kb2 {White has the salvation} 60.Bxe6 $3 Nxe6 61.Kf5 {mopping up the enemy pawns with a draw.} ) 58...Nf5 59.Bb5+ Kd4 60.Be8 Nxh4+ 61.Kg3 ( {Alas, the f4-pawn cannot survive in the line} 61.Kf2 Nf5 62.Bxh5 Ke4 63.Bf7 Nd4 ) 61...Nf5+ 62.Kf3 Ng7 63.Bf7 Kd5 {Black consolidated his advantage and with his next move} 64.Bg6 f5 $1 {he locked up the white bishop permanently. The surrounding operation was conducted flawlessly by So after} 65.Bf7 Kd6 66.Kg3 Ke7 67.Bg6 Kf6 68.Bh7 Ne8 0-1

[Event "FTX Crypto Cup | Prelims"]
[Site "Online"]
[Date "2021.05.24"]
[Round "8.2"]
[White "Carlsen, Magnus"]
[Black "Grischuk, Alexander"]
[Result "1-0"]
[WhiteElo "2847"]
[BlackElo "2776"]
[EventDate "2021.??.??"]
[Annotator "Bojkov,Dejan"]
[PlyCount "49"]
[Beauty "8250095307331"]
[EventType "simul"]
[EventRounds "3"]

1.b3 {Despite the poor start, Carlsen does not mind experimenting.} 1...e5 2.Bb2 Nc6 3.c4 {Switching to the reversed Sicilian.} ( {Instead of staying in Viking waters with} 3.e3 {like the great Bent Larsen loved to play.} ) 3...Nf6 4.Nf3 e4 5.Nd4 Bc5 6.Nf5 {This position is super-fresh, although there is one recent top-GM game.} 6...d5 $5 $146 {Grischuk played this novelty relatively fast. Apparently, the Russian GM had studied this line earlier at home.} ( {The earlier top game saw an exciting battle after} 6...O-O 7.e3 d5 8.cxd5 Bxf5 9.dxc6 bxc6 10.Nc3 Re8 11.Be2 Bd6 12.Rc1 h5 13.Bxh5 Nxh5 14.Qxh5 Bg6 15.Qg4 Re5 16.h4 Bh5 17.Qh3 f5 {Artemiev,V (2709)-Firouzja,A (2759) Chess.com 2021} ) ( {However, safer is} 6...d6 {when White cannot accept the sacrifice:} 7.Nxg7+ $2 Kf8 8.Nh5 {loses material due to the pretty interference sacrifice} 8...e3 $3 9.dxe3 ( {Nothing changes} 9.fxe3 Nxh5 10.Bxh8 Qh4+ 11.g3 Nxg3 ) 9...Bb4+ 10.Nc3 Nxh5 {and Black wins.} ) 7.Nxg7+ {Carlsen accepts the pawn without much hesitation.} 7...Kf8 8.cxd5 Bd4 {The point behind Black's play. He wants to trap the opponent's knight.} ( {After} 8...Nb4 {the white knight escapes either with} 9.a3 ( {or with the direct} 9.Nh5 Ng4 10.e3 Qh4 11.Ng3 Rg8 ) 9...Nbxd5 10.Nh5 {although Black keeps compensation for the pawn.} ) 9.Nc3 $1 {The best chance.} ( {Black is doing perfectly fine after} 9.Bxd4 Nxd4 10.e3 Kxg7 11.exd4 Qxd5 ) 9...Ne7 {But this is a mistake! It looks like Grischuk could not remember some important details.} ( {The knight belonged to a more aggressive position} 9...Nb4 $1 {Then, what Carlsen played in the game would not have worked:} 10.e3 ( {Therefore, White had to choose instead either the promising piece sacrifice} 10.a3 Nbxd5 11.Nh5 Nxh5 12.e3 Bxc3 13.dxc3 Qg5 14.c4 Ndf6 15.Qd8+ Kg7 16.Qxc7 {with sufficient compensation for the knight.} ) ( {Or the immediate} 10.Nh5 Nxh5 11.e3 Rg8 {where Black looks good, say} ( 11...Nf4 $5 12.exf4 Qf6 {also looks interesting.} ) 12.exd4 Bg4 $1 ) 10...Be5 11.Nh5 {Due to} 11...Bg4 $1 12.Be2 Nd3+ {That's the point!} ) 10.e3 {Now this is nasty, and Grischuk needs to part with the important bishop.} 10...Bxc3 ( {As} 10...Be5 11.Nh5 Bg4 12.Be2 {does not work for Black anymore.} ) 11.dxc3 $1 {It is important to open the road for the queen.} 11...Kxg7 12.c4 {For the piece Carlsen has two pawns, two bishops and, most importantly, an eternal attack against the enemy king.} 12...Ng6 ( {Nothing changes} 12...Kg6 13.g4 $1 {and} 13...Bxg4 {loses to} 14.Rg1 ) 13.g4 {The start the final uncovering of the black king.} ( {Even stronger is} 13.Qd4 $1 Re8 14.f4 exf3 15.gxf3 Qd6 16.O-O-O {with a decisive attack.} ) 13...h6 ( {More resilient seems} 13...Kf8 14.Be2 Qe7 15.Qd4 {although White still keeps huge pressure here.} ) 14.h4 c5 {Taking the d4-square under control, but there are too many things to worry about.} 15.Be2 ( {Also good is} 15.h5 Nf8 16.Bg2 Qe7 17.d6 Qe6 18.Bh3 ) 15...Kg8 ( {After} 15...Qd6 16.Kd2 Kf8 17.g5 Ne8 18.Bxh8 Nxh8 19.gxh6 Qxh6 {White continues his attack for free with either} 20.Qc2 ( {Or} 20.h5 ) ) 16.Qc2 Rh7 17.O-O-O {with the decisive threat g4-g5.} 17...Nxg4 {A desperate defensive try.} ( {However, there is no way to stop the attack after} 17...Qd6 18.g5 Ng4 19.h5 Nf8 20.Bxg4 Bxg4 21.Rdg1 ) 18.h5 Nf8 19.Qxe4 $1 {The neatest way.} ( {The world champion does not allow} 19.Rdg1 f5 ) 19...f5 ( {Of course, there is not} 19...Nxf2 20.Qg2+ ) 20.Qc2 ( {Stronger is} 20.Qf4 $1 Qg5 21.f3 Qxf4 22.exf4 Ne3 23.Rd3 {trapping the knight.} ) 20...Nxf2 21.Rhg1+ Kf7 22.Rdf1 Qh4 23.Be5 ( {Missing} 23.Bf3 $1 {that would trap the knight at once.} ) 23...Qe4 {This loses at once.} ( {The last chance is} 23...Qe7 $1 24.Qb2 Nh3 {although here too, Black can hardly survive.} ) 24.Qc3 Nh3 25.Rg4 $1 {Trapping the queen!} 1-0

[Event "New In Chess Classic | Knockout"]
[Site "Online"]
[Date "2021.05.01"]
[Round "22.1"]
[White "Carlsen, Magnus"]
[Black "Nakamura, Hikaru"]
[Result "1-0"]
[WhiteElo "2881"]
[BlackElo "2829"]
[EventDate "2021.??.??"]
[Annotator "Bojkov,Dejan"]
[PlyCount "180"]
[Beauty "4882161487388"]
[EventType "schev"]
[EventRounds "2"]

1.e4 e5 2.Nf3 Nc6 3.Bc4 {No surprises so far by both players. Nakamura sticks to his classical Black strategy, as Carlsen searches for a small opening advantage.} 3...Bc5 4.c3 Nf6 5.d3 O-O 6.O-O d5 7.exd5 Nxd5 8.a4 ( {The world champion deviates from his recent game against another top American GM:} 8.Re1 Bg4 9.Nbd2 Nb6 10.h3 Bh5 11.Bb3 Qxd3 12.Nxe5 Qf5 13.Nef3 Rad8 14.Qe2 Qc8 {Carlsen,M (2862)-So,W (2770) Online INT 2021} ) 8...Bg4 9.h3 Bh5 10.a5 Nf6 $146 ( {The predecessor was game by Ding:} 10...a6 11.Nbd2 b5 12.axb6 Nxb6 13.Bb3 a5 14.Ne4 Be7 15.Re1 {Ding,L (2805)-Plenca,J (2463) chess. com INT 2020} ) 11.b4 ( {If} 11.a6 {is allowed, then maybe it can be played?! White is a bit better too after:} 11...b6 12.Nbd2 ) 11...Bd6 12.Nbd2 a6 13.Ne4 Nxe4 14.dxe4 {The opening is over, and White got his slight advantage. Albeit symmetrical, White's position is more pleasant, thanks to his more harmonious development. Especially impressive is his light-squared bishop, whereas the white knight also has better perspectives on the kingside.} 14...Kh8 {A useful move. One idea is to get his bishop back in the game after f7-f6.} 15.Qd3 {Carlsen also breaks the pin in order to release his knight.} 15...Qe7 16.Re1 Nd8 ( {The natural} 16...Rad8 {does not solve Black's problem in full. White can then continue:} 17.Bd5 Nb8 18.g4 {An important in-between move.} ( {But not} 18.Bxb7 {due to the spoiler:} 18...Bxf3 $1 19.Qxf3 ( 19.gxf3 c5 $1 ) 19...c6 {and the bishop is trapped.} ) 18...Bg6 19.Bxb7 Bxb4 ( 19...c6 20.Bxa6 ) 20.Qc4 {and White keeps his advantage.} ) 17.g3 Ne6 18.Nh4 {The difference in the knight's strength becomes obvious.} 18...Rad8 19.Nf5 Qf6 20.g4 Bg6 ( {There is no time for:} 20...Bxb4 $2 21.Qg3 ) 21.Qf3 ( {More natural seemed:} 21.Qg3 {However, there the queen might stand under annoying tempi:} 21...Bxf5 22.gxf5 ( {Here is the annoying tempo working for Black:} 22.exf5 e4 $1 ) 22...Nf4 {and Black equalizes.} ) 21...h6 ( {Perhaps} 21...c6 $5 {is a possible idea to save his bishop after} 22.Be3 Bc7 ) 22.Kg2 {The king is defending the queen, just in case. It is extremely important to have all the pieces defended, especially in blitz and rapid.} ( {There is nothing wrong with} 22.Be3 $5 {finishing the development with an edge.} ) 22...Nf4+ {The right idea, but not the optimal execution.} ( {Nakamura would have likely equalized instead with the preliminary} 22...Bxf5 $1 23.exf5 {And then} 23...Nf4+ 24.Bxf4 exf4 {It seems as White still enjoys an advantage after the capture of the important a-pawn in the line:} 25.Qxb7 Qxc3 26.Bxa6 {But Black is in time to regain it, thanks to a small tactic after:} 26...Bxb4 27.Rec1 Qd2 28.Rd1 Qc3 29.Rac1 f3+ $1 30.Qxf3 Qxf3+ 31.Kxf3 Bxa5 ) 23.Bxf4 exf4 24.Nxd6 $1 {A neat trade. Black is forced to weaken his pawn structure.} 24...cxd6 ( {Or else Nakamura would have dropped a pawn for no real compensation:} 24...Qxd6 25.e5 Qd2 ( {Nothing changes:} 25...Qe7 26.Qxb7 ) 26.Rad1 Qc2 27.Rc1 Qa4 28.Qxf4 ) 25.Bd5 {Carlsen's advantage grew. He still owns the better pieces, but he has also managed to completely destroy the enemy pawn chain. The impression is that Black's position will collapse at any moment.} 25...Rd7 26.Rad1 {One last preparation.} ( {It seems as the world champion already considered the tactical sequence:} 26.Bxb7 Rxb7 27.e5 {But did not quite like the opponent's counterplay against his king after:} 27...dxe5 28.Qxb7 e4 ( {Or:} 28...h5 ) ) 26...Re8 27.Bxb7 {Now he goes for it, but right now this blow is based on miscalculation.} ( 27.c4 $1 {would have kept comfortable advantage instead.} ) 27...Rxb7 28.e5 Qe7 $1 ( {Apparently, Carlsen expected:} 28...dxe5 29.Qxb7 e4 {When the extra rook moves allow him a chance to win a tempo for the defense with} 30.Qd7 Rg8 31.Qd4 ( {Or:} 31.Rd4 ) ) 29.exd6 Qd7 30.Rxe8+ Qxe8 {And oh, horror! It turns out that Nakamura not only improved his rook, but he did so on the best possible file!} 31.Rd4 {Luckily, Carlsen still has a lot of compensation for the piece.} ( {The planned} 31.Qxb7 $4 {loses to} 31...Be4+ ) 31...Rd7 32.Qxf4 Qb8 ( 32...Qc8 $5 {might be more accurate.} ) 33.Kg3 {White decided to prepare the kingside advance in order to open the enemy king. In the process though, he also weakens his own, and this could have backfired.} ( {More logical seems to bring the queenside pawns into motion:} 33.Qd2 $1 Qb7+ 34.f3 {with very unclear play.} ) 33...f6 34.h4 Kg8 35.Kg2 Bf7 $1 {A nice maneuver to bring the bishop to the optimal place. From here it both defends the black king and helps attack the enemy one.} 36.Kg3 ( {The possible pin after:} 36.g5 hxg5 37.hxg5 fxg5 38.Qxg5 Rxd6 39.Qg3 {leads White nowhere due to the simple:} 39...Qb7+ ) 36...Be6 37.g5 {Finally opening the kingside.} ( {Here it was still possible to switch to the queenside plan:} 37.Qd2 ) 37...hxg5 38.hxg5 fxg5 {Obvious, but not best.} ( {Nakamura missed a good chance to punish the world champion's overoptimistic play with} 38...Qb5 $1 {With the idea:} 39.gxf6 Rf7 {Qb5-f1 is a strong threat, and if:} 40.c4 Qh5 $1 {is a strong attack for Black.} ) 39.Qe5 Bf7 40.f3 Kf8 41.Kf2 Kg8 42.Kg3 Kf8 {The black king steps behind a potential pin, and Carlsen can try something new now.} 43.Qxg5 Rxd6 44.Qc5 Ke7 45.Qe5+ Kd7 46.Kf2 Qf8 {The decisive blunder!} ( {Both pawn moves:} 46...g6 $1 ) ( {and} 46...g5 $1 {would have led to a draw.} ) 47.Qf5+ Kc6 48.Qc5+ Kd7 49.Qf5+ Kc6 50.Rxd6+ {Picks up the bishop.} 50...Qxd6 ( {For} 50...Kxd6 $4 {is impossible:} 51.Qc5+ ) 51.Qxf7 Qd2+ 52.Kg3 Qxc3 53.Qe8+ Kc7 54.Qe4 {Centralization. White should be winning, despite the multiple checks from his opponent's queen. Carlsen confidently demonstrates the right idea.} 54...Kd6 55.Kg4 Qa1 56.Qd3+ Ke7 57.Qe3+ Kf7 58.Qc5 ( {Also good is to pick up the second pawn with} 58.Qa7+ Ke8 59.Qxa6 {Then the white king manages to escape the checks with a precise king dance:} 59...Qd4+ 60.Kh3 Qd7+ 61.Kg3 Qc7+ 62.Kf2 Qh2+ 63.Ke3 Qe5+ 64.Kd3 Qd5+ 65.Ke2 Qe5+ 66.Kf1 Qa1+ 67.Kg2 Qb2+ 68.Kh3 ) 58...Kg8 59.Kf4 $1 {That is the good plan. The king is moving towards the queenside pawns.} 59...Qd1 ( 59...Qb2 $1 {would be more stubborn.} ) 60.Ke5 Kh7 61.Qd5 ( 61.Qd4 $1 {is more precise.} ) 61...Qa4 ( {The last chance is:} 61...Qc1 $1 {although White should find a way to breakthrough here too.} ) 62.Qe4+ Kh8 63.Kd6 Qb5 64.Kc7 Kg8 65.Qe6+ Kh7 66.Qd6 {Once again the queen needs to be centralized. From here the most powerful piece does all the work.} 66...Qe2 67.f4 Qb5 68.Qc5 Qf1 69.Qh5+ Kg8 70.Qd5+ Kh7 71.Qe4+ Kh8 72.Kb6 Qb5+ 73.Ka7 Qf1 74.Qe8+ Kh7 75.Qh5+ Kg8 76.Qd5+ Kh7 77.f5 Qb1 78.Qd6 {It is time to bring the pawns into motion.} 78...Qxf5 79.Kxa6 g5 80.b5 {The pawns are unstoppable.} 80...Qf1 81.Kb6 Qf2+ 82.Qc5 Qf6+ 83.Ka7 Qf7+ 84.Ka6 g4 85.b6 g3 86.b7 {This also wins.} ( {A tad more precise would be:} 86.Qc7 Qxc7 87.bxc7 g2 88.c8=Q g1=Q 89.Qb7+ {trading the queens next on either the a7- or b6-square.} ) 86...Qf1+ 87.Ka7 Qf2 88.Qb6 Qf7 89.Qb1+ Kh6 90.Qe4 Qg7 {Nakamura resigned not waiting for the obvious check on h4.} 1-0